000 00372pam a2200157a 44500
008 230515b1973 xxu||||| |||| 00| 0 eng d
020 _aNULL
041 _aENGLISH
082 _a630
100 _a3600-1973
245 _aMETHODS OF TESTING FUSION WELDED JOINTS AND WELD METAL IN STEEL
250 _a0
260 _aDELHI
_bISI
_c1973
300 _a13
650 _aNULL
999 _c651824
_d651824